Normal view
MARC view
Entry Topical Term
001 - CONTROL NUMBER
- control field: 263252
003 - CONTROL NUMBER IDENTIFIER
- control field: OSt
005 - DATE AND TIME OF LATEST TRANSACTION
- control field: 20260504163835.0
008 - FIXED-LENGTH DATA ELEMENTS
- fixed length control field: 260504|| aca||aabn | a|a d
040 ## - CATALOGING SOURCE
- Original cataloging agency: OSt
- Transcribing agency: OSt
150 ## - HEADING--TOPICAL TERM
- Topical term or geographic name entry element: Social policy India
670 ## - SOURCE DATA FOUND
- Source citation: Work cat.: (OSt)241388: Harsh Mander 263250, Partitions of the heart